000 01326cam a22003377a 4500
003 CHAP
005 20220329142558.0
008 010920d2001 mx r 00110 spa d
010 _a85210
011 _a86182
035 _a96720
040 _cCHAP
090 _aTesis
100 0 0 _aSauceda Hernández, Gervasio.
_9102714
245 1 0 _aRentabilidad financiera del litchi (Litchi chinensis Sonn) en el municipio de Martínez de la Torre, Veracruz
_c/por Gervasio Sauceda Hernández y Guillermo Mejía Méndez
260 _aChapingo, Méx. :
_bEl autor,
_c2001.
300 _a81 h.
502 _aTesis ( Lic. en Comercio Internacional de Productos Agropecuarios e Ing. Agr. Esp. en Economía Agrícola ) -- UACH. División de Ciencias Económico Administrativas
590 _aALEPH
_b10
_c20130110
_lUCH01
_h1445
590 _aBATCH-UPD
_b10
_c20130110
_lUCH01
_h0519
590 _aBATCH-UPD
_b10
_c20130410
_lUCH01
_h0158
590 _aBATCH-UPD
_b10
_c20130914
_lUCH01
_h1726
590 _aCONVERSION
_b10
_c20130109
_lUCH01
_h1347
650 1 4 _aLitchi chinensis.
_967111
700 0 0 _aMejía Méndez, Guillermo.
_974272
901 _aBK
905 _aAlejandra Carrasco M.
942 _cFOLL
949 _aTesis
_bBC
_cTES
_d33724000860102
_eTS2
_fc.2
_h39006
_i96720
_si
949 _aTesis
_bBC
_cTES
_d967201
_eTS1
_h39005
_i96720
_sb
999 _c85210
_d85210